| 000 | 00371nam a22001457a 4500 | ||
|---|---|---|---|
| 020 | _qPB. | ||
| 040 | _cFIZZA ISHAQ | ||
| 082 |
_a624.18 _bMIC |
||
| 100 |
_aMAMLOUK,S.MICHAEL. _9109601 |
||
| 245 |
_aMATERIALS FOR CIVIL & CONSTRUCTION / _cMICHAEL S.MAMLOUK. |
||
| 250 | _a4TH EDITION. | ||
| 260 |
_aMALAYSIA ; _bPEARSON, _c2018. |
||
| 300 | _a660 P. ; | ||
| 942 |
_2ddc _cBK |
||
| 999 |
_c593451 _d593451 |
||